UBT Library

Diagnosis and remediation of the disabled reader / (Record no. 41679)

000 -LEADER
fixed length control field 00595pam a2200217 a 4500
001 - CONTROL NUMBER
control field 2422203
005 - DATE AND TIME OF LATEST TRANSACTION
control field 20180202081349.0
008 - FIXED-LENGTH DATA ELEMENTS--GENERAL INFORMATION
fixed length control field 870831s1988 maua b 001 0 eng
010 ## - LIBRARY OF CONGRESS CONTROL NUMBER
LC control number 87019591
020 ## - INTERNATIONAL STANDARD BOOK NUMBER
International Standard Book Number 0205111742
040 ## - CATALOGING SOURCE
Original cataloging agency DLC
Transcribing agency DLC
Modifying agency DLC
041 ## - LANGUAGE CODE
Language code of text/sound track or separate title eng
080 ## - UNIVERSAL DECIMAL CLASSIFICATION NUMBER
Universal Decimal Classification number 428.42 EKW
082 00 - DEWEY DECIMAL CLASSIFICATION NUMBER
Classification number 428.42 EKW
Edition number 19
100 1# - Rafti
Rafti 47
101 ## - Shkurtesa
Shkurtesa EDU
245 10 - TITLE STATEMENT
Title Diagnosis and remediation of the disabled reader /
Statement of responsibility, etc Eldon E. Ekwall, James L. Shanker.
504 ## - BIBLIOGRAPHY, ETC. NOTE
Bibliography, etc Includes bibliographies and index.
906 ## - LOCAL DATA ELEMENT F, LDF (RLIN)
a 7
b cbc
c orignew
d 1
e ocip
f 19
g y-gencatlg
942 ## - ADDED ENTRY ELEMENTS (KOHA)
Source of classification or shelving scheme
Item type Books
Holdings
Withdrawn status Lost status Source of classification or shelving scheme Damaged status Not for loan Collection code Permanent location Current location Shelving location Date acquired Total Checkouts Full call number Barcode Date last seen Price effective from Koha item type
          Koleksioni i përgjithshem UBT - Lipjan UBT - Lipjan Koleksioni i përgjithshem 02/02/2018   428.42 EKW 002-2997456 02/02/2018 02/02/2018 Books
UBT Library © 2015-2024. All rights reserved University Education for Business and Technology